| 000 | 00535nam a22001937a 4500 | ||
|---|---|---|---|
| 003 | PILC | ||
| 005 | 20150529154004.0 | ||
| 008 | 150529b xxu||||| |||| 00| 0 eng d | ||
| 020 | _a9789814369220 | ||
| 050 |
_aQH 323.5 _b.R822 2012 |
||
| 100 | _aRosner, Bernard. | ||
| 245 |
_aBiostatistics / _cBernard Rosner. |
||
| 250 | _aPhilippine Ed. | ||
| 260 |
_aSingapore : _bCengage Learning, _c2012. |
||
| 300 |
_a943 pages : _billustrations ; _c24 cm. |
||
| 500 | _aIncludes index. | ||
| 650 | _aBiostatistics. | ||
| 942 |
_2lcc _cBK _kFOR |
||
| 999 |
_c284515 _d284515 |
||